000 00751nam a2200205 i 4500
001 100319
003 ES-MaACL
005 20230906182642.0
007 t|
008 050926q1942 sp ||||1| spa d
100 1 _aMás y Guindal, Joaquín.
_978652
245 1 4 _aLas plantas oleaginosas
_b: sus productos y aplicaciones /
_cJoaquín Más y Guindal y Ascensión Más y Guindal.
260 _aMadrid :
_bSección de Publicaciones, Prensa y Propaganda,
_c[1942?]
300 _a214 p. ;
_c15 cm.
500 _aPrecede al tít.: Ministerio de Agricultura.
650 0 4 _aPlantas oleaginosas.
_916124
700 1 _aMás y Guindal, Ascensión.
_978651
710 1 _aEspaña.
_bMinisterio de Agricultura.
_93837
852 _aES-MaACL
_jD-6705
_bR.29747
999 _c100319
_d100319